skbl

Dr Suryya Kumar Bhuyan Library Web-OPAC
ডঃ সূৰ্য্য
কুমাৰ ভূঞা পুথিভঁৰাল ৱেব-অ'পেক

All Research Scholars are advised to clear the annual library fees to continue using Library Resources, Remote Access, Plagiarism Test and Library Clearance.

Cotton University Book Fair 2026

Nietzsche The Key Concepts (Record no. 56499)

MARC details
000 -LEADER
fixed length control field 00493nam a2200181Ia 4500
001 - CONTROL NUMBER
control field 56577
008 - FIXED-LENGTH DATA ELEMENTS--GENERAL INFORMATION
fixed length control field 130523n ii |||gr||||Z||||||465
020 ## - INTERNATIONAL STANDARD BOOK NUMBER
International Standard Book Number 9780415263771
082 ## - DEWEY DECIMAL CLASSIFICATION NUMBER
Classification number 193
245 #0 - TITLE STATEMENT
Title Nietzsche The Key Concepts
Statement of responsibility, etc. Peter R Sedgwick
Medium Textual Documents
250 ## - EDITION STATEMENT
Edition statement Ist--2009.
260 ## - PUBLICATION, DISTRIBUTION, ETC.
Place of publication, distribution, etc. London
Name of publisher, distributor, etc. Routledge Publishers
300 ## - PHYSICAL DESCRIPTION
Extent 163pg:
Other physical details Bibliography, Index;
Dimensions 23cm.
653 ## - INDEX TERM--UNCONTROLLED
Uncontrolled term Philosophy
653 ## - INDEX TERM--UNCONTROLLED
Uncontrolled term G-Philosophy
700 ## - ADDED ENTRY--PERSONAL NAME
Personal name Sedgwick,Peter R .
942 ## - ADDED ENTRY ELEMENTS (KOHA)
Source of classification or shelving scheme Dewey Decimal Classification
Koha item type Books
Holdings
Withdrawn status Lost status Damaged status Not for loan Collection Home library Current library Shelving location Date acquired Coded location qualifier Total checkouts Full call number Barcode Date last seen Date last checked out Copy number Price effective from Koha item type
          Dr. Suryya Kumar Bhuyan Library Dr. Suryya Kumar Bhuyan Library   23/05/2013 00000 1 193 Se 28 Ni 449/Phil 28/04/2025 25/04/2025 1 23/05/2013 Books

Designed and Maintained by Team SKBL
©1901-2026

Powered by Koha